| 000 | 01235nam a22002057a 4500 | ||
|---|---|---|---|
| 999 |
_c63526 _d63526 |
||
| 003 | Ge_BSU | ||
| 005 | 20251024205620.0 | ||
| 008 | 251024s1962 ge ||||| |||| 00| 0 geo d | ||
| 041 | _ageo | ||
| 080 | _a330.83(042.4) ჭ-23 | ||
| 100 |
_aჭანუყვაძე, გ. _926110 |
||
| 245 |
_aბურჟუაზიული ვულგარული პოლიტიკური ეკონომიის კრიტიკა: _bნაწ. 1, მასალები ლექციებისათვის ეკონომიურ მოძღვრებათა ისტორიაში / _cგ. ჭანუყვაძე ; რედ. ვ. ბახტაძე. |
||
| 264 |
_aთბილისი : _bთბილ. უნ-ტის გამ-ბა და სტ., _c1962. |
||
| 300 |
_a383 გვ.; _b22 სმ. |
||
| 504 | _a ბიბლიოგრაფია შენიშვნებში. | ||
| 653 | _aბურჟუაზიული პოლიტიკური ეკონომია | ||
| 653 | _aვულგარული პოლიტიკური ეკონომია. | ||
| 700 |
_aბახტაძე, ვ. _eრედაქტორი _926112 |
||
| 942 |
_2udc _cBK |
||